[Event "EU-chT (Men) 11th"]
[Site "Pula"]
[Date "1997.05.??"]
[Round "9.1"]
[White "Alterman, Boris"]
[Black "Nikolic, Predrag"]
[Result "1-0"]
[WhiteElo "2595"]
[BlackElo "2655"]
[Annotator "Alterman,B"]
[PlyCount "59"]
[EventDate "1997.05.05"]
[EventType "team-swiss"]
[EventRounds "9"]
[EventCountry "CRO"]
[SourceTitle "CBM 057 Extra"]
[Source "ChessBase"]
[SourceDate "1997.05.01"]
[SourceVersion "1"]
[SourceVersionDate "1997.05.01"]
[SourceQuality "1"]
[WhiteTeam "Israel"]
[BlackTeam "Bosnia&Herzegovina"]
[WhiteTeamCountry "ISR"]
[BlackTeamCountry "BIH"]

1. d4 f5 2. Nf3 Nf6 3. g3 g6 4. Bg2 Bg7 5. O-O O-O 6. c4 d6 7. Nc3 Na6 8. Rb1
c6 9. b4 Ne4 10. Qb3 $1 $146 (10. Nxe4 fxe4 11. Ng5 (11. Nd2 d5 (11... Bxd4 12.
Nxe4 Bg7 13. b5 $16) 12. b5 Nc7 13. e3 Bf5 $2 (13... Ne6 14. bxc6 bxc6 15. Qa4
Ng5 16. Qxc6 Nh3+ 17. Bxh3 (17. Kh1 Bg4 18. f4 e6 19. Rb7 Rf7 20. Rxf7 Kxf7 21.
cxd5 Rc8 22. dxe6+ Bxe6 23. Qa4 {1-0 Roeder,M-Beim,V/Vienna op (07) ;EXP 53
1996}) 17... Bxh3 18. Ba3 $1 Bxf1 19. Kxf1 $146) (13... Bd7 14. bxc6 bxc6 15.
Ba3 Rf7 16. Rb7 (16. Qc2 e5 17. dxe5 Bxe5 18. Nb3) 16... e5 17. Bd6 Bg4 $132) (
13... e5 14. Ba3 Re8 (14... Rf7 15. bxc6 bxc6 16. dxe5 Bxe5 17. Nxe4 Bf5) 15.
bxc6 bxc6 16. dxe5 Bxe5 17. Qa4 Bd7 18. Rfd1 $14) 14. bxc6 bxc6 15. Ba3 $16 Rf7
16. Qa4 e5 (16... Bd7 17. Rb7 c5 18. Qa5 $18) 17. dxe5 Bxe5 18. Qxc6 Rc8 (18...
Bd7 19. Qb7 $16) 19. Qa4 (19. Bb2 $6 Bxb2 20. Rxb2 Ne6 21. Qxd5 $2 Rd7 $19)
19... Ne6 $6 (19... Rf6 $5 20. cxd5 Ra6 21. Qb3 Rb6 $132) 20. cxd5 Qxd5 21.
Nxe4 Qxa2 22. Qb3 Rc2 23. Bd6 $1 $18 {1-0 Beliavsky,A-Nikolic,P/Polanica Zdroj
(08) ;CBM 55 1996 (38)}) 11... d5 12. cxd5 cxd5 13. Qb3 Kh8 14. Be3 Nc7 15. f3
h6 16. Nh3 exf3 17. exf3 g5 18. Rbc1 Nb5 19. Rcd1 Qb6 20. Kh1 Be6 21. Rfe1 Rac8
22. a4 Nd6 23. Bg1 {1/2-1/2 Hansen,Curt-Vasiukov,Evgeny/Graested (04) 1990 (30)
}) (10. Bb2 Be6 11. Qb3 $2 (11. b5 Nc7 12. bxc6 bxc6 13. Qa4 Rb8 14. Ba1 $14)
11... b5 12. Nxe4 Bxc4 13. Qe3 fxe4 14. Qxe4 Nxb4 15. Bh3 Kh8 $17) 10... Nxc3 (
10... Kh8 11. Bb2) 11. Qxc3 Qe8 12. Bb2 h6 (12... Nc7 13. Qd2 e5 $2 14. dxe5
dxe5 15. Qd6 $18) 13. Qd2 $1 Bd7 $6 (13... Qf7 14. d5 c5 15. b5 Nc7 16. Bxg7 (
16. a4 Bd7 17. a5) (16. Rbe1 $1 Bd7 17. e4 $16) 16... Qxg7 17. Rbe1) (13... e5
$2 14. b5 cxb5 (14... Nc7 15. dxe5 dxe5 16. bxc6 bxc6 17. Qd6 $18) 15. cxb5 Nc7
(15... Qxb5 16. dxe5) 16. Rfc1 Rf7 (16... Nxb5 17. dxe5 dxe5 18. Bxe5 $18) 17.
dxe5 dxe5 18. Qd6 $18) 14. d5 c5 15. Bxg7 Kxg7 16. b5 Nc7 17. e4 $6 (17. b6 $5
axb6 (17... Na6 $16) 18. Qb2+ Kh7 19. Qxb6 Qd8 20. Rb2 $1 Bc8 (20... Ne8 21.
Qxb7 $1 (21. Qxd8 Rxd8 22. Rxb7 Nf6 $44) 21... Nf6 22. Qb3 Rb8 23. Qa3 Rxb2 24.
Qxb2 Qa5 $16) 21. Nd2 Ra6 22. Qb3 Ne8 23. e3 (23. e4) 23... Nf6 24. Rfb1 $14) (
17. Rbe1 $1 Qf7 (17... g5 18. e4 (18. h4 $5) 18... f4 19. e5 Qh5 (19... g4 20.
exd6 $18) 20. Qc3 Kg8 21. Nd2 $16) (17... e5 18. dxe6 Qxe6 19. Rd1 Rf6 20. Qc3
$16) 18. e4 fxe4 19. Rxe4 $16) 17... fxe4 18. Qc3+ Kh7 19. Nd2 Qf7 20. Rbe1 Qg7
21. Nxe4 $6 (21. Qb3 Ne8 22. Rxe4 Nf6 23. Re2 (23. Re2 Rf7 24. Rfe1 $14)) (21.
Qc2 Rf7 22. Bxe4 Bh3 23. Bg2 $14) 21... b6 (21... Qxc3 22. Nxc3 Rf7 23. a4 (23.
f4 b6 24. a4 a5 $11) 23... g5 (23... a5 $5 24. b6 Ne8) 24. a5 $14) 22. a4 (22.
Qxg7+ Kxg7 23. Nc3 Kf7 24. a4 a5 $14) 22... a6 (22... Qxc3 23. Nxc3 Rf7 24. a5
$16) 23. Qb3 $1 (23. Qxg7+ Kxg7 24. Nxc5 $2 (24. Nc3 Kf7 25. a5 $2 axb5 26.
axb6 b4) 24... bxc5 25. b6 Ne8 (25... Kf6 26. bxc7 Rac8 27. Rb1 Rxc7 28. a5 Bf5
29. Rb6 Bd3 30. Rc1 Rcc8 31. Rc3 $16) 26. Rxe7+ Rf7 27. Rxf7+ Kxf7 28. a5 Bf5
29. Re1 Nf6 $15) 23... axb5 $6 (23... a5 24. Re3 Rf7 25. f4 Raf8 26. h4 Ne8 27.
Rfe1 Nf6 28. Nxf6+ (28. Qc2 $1 Bf5 29. Nxf6+ (29. Qd2 $14) 29... exf6 30. Be4
Bd7 31. f5 g5 32. Bf3 g4 33. Bd1 Rg8 34. Re6 (34. Qf2 $1 $14) 34... Qf8 35. Qe4
Bxe6 36. fxe6+ f5 37. Qf4 Rf6 38. Bc2 Qe7 $11) 28... exf6 (28... Qxf6 29. Qd3
$16) 29. Qc2 f5 30. Kh2 Qf6 $11) 24. cxb5 $1 Ra7 (24... Rf7 25. Nc3 $16) 25.
Re3 e6 26. Nxd6 Nxd5 (26... exd5 27. Rfe1 Be6 (27... c4 28. Qd1 Be6 29. Rxe6
Nxe6 30. Rxe6 Qb2 31. Re2 Qf6 32. Bxd5 $18) 28. Rxe6 Nxe6 29. Rxe6 Qa1+ 30. Bf1
Qd4 31. Qc2 Rf6 32. Qe2 $16) 27. Rd3 $1 (27. Bxd5 exd5 28. Qxd5 Rxa4 29. Rfe1
Ra1 $1 30. Rxa1 Qxa1+ 31. Kg2 Qf6 $11) 27... Rfa8 $138 (27... Qe7 28. Nc4 $16)
28. Rf3 Kg8 $2 (28... Nf6 29. Rd1 $1 Rxa4 30. Rxf6 Qxf6 31. Bxa8 Rxa8 32. Ne4
Qf7 33. Rxd7 $18) (28... Be8 29. Re1 $16) (28... Rf8 29. Rxf8 Qxf8 30. Nc4 $16)
29. Rf7 Qe5 (29... Qxf7 30. Nxf7 Kxf7 31. Bxd5 exd5 32. Qf3+ $1 Kg7 33. Qxd5
Bh3 34. Re1 $18) 30. Qc2 (30. Qc2 Qg5 31. h4 Qh5 32. Bf3) 1-0

[Event "Karditsa"]
[Site "Karditsa"]
[Date "1996.??.??"]
[Round "8"]
[White "Alterman, Boris"]
[Black "Grivas, Efstratios"]
[Result "1-0"]
[WhiteElo "2585"]
[BlackElo "2475"]
[Annotator "Alterman,B"]
[PlyCount "73"]
[EventDate "1996.03.??"]
[EventType "tourn"]
[EventRounds "9"]
[EventCountry "GRE"]
[EventCategory "12"]
[SourceTitle "CBM 053"]
[Source "ChessBase"]
[SourceDate "1996.08.01"]
[SourceVersion "1"]
[SourceVersionDate "1996.08.01"]
[SourceQuality "1"]

1. d4 {Johnson,M} f5 2. Nf3 Nf6 3. c4 g6 4. g3 Bg7 5. Bg2 O-O 6. O-O d6 7. Nc3
Qe8 8. d5 Na6 9. Rb1 Bd7 (9... Nc5 10. b4 (10. Nd4 a5) 10... Nce4) 10. b4 c6 (
10... Ng4 11. Qb3 Rb8 12. c5 e5 13. h3 Nh6 14. Ng5 Kh8 15. Qc4 e4 16. c6 bxc6
17. dxc6 Bc8 18. Be3 Nf7 19. Nxf7+ Qxf7 20. Qxf7 Rxf7 21. Rfc1 Rxb4 22. Nb5 Be6
23. a3 Rxb1 24. Rxb1 Ba2 25. Rc1 d5 26. Bxa7 Rf8 27. e3 g5 28. Bf1 Ra8 29. Bd4
f4 30. gxf4 gxf4 31. exf4 Kg8 32. Be2 Bxd4 33. Nxd4 Kf7 34. Kf1 Kf6 35. Ke1 Nb8
36. Nb5 Na6 37. Kd2 Bb3 38. Ke3 Ba4 39. Nc3 Bb3 40. Nb5 Nb8 41. Rc3 d4+ 42.
Nxd4 Bd5 43. Bb5 Ra5 44. a4 Na6 45. Bxa6 Rxa6 46. Rc5 Bxc6 {1-0 Mikac,M-Gross,
G/Bled op (09) 1995}) 11. dxc6 Bxc6 (11... bxc6 12. b5 $16) 12. Qb3 (12. b5 $6
{Johnson,M} Bxf3 13. Bxf3 Nc5 $15) 12... Ne4 (12... h6 13. c5+ (13. Bb2 {
Johnson,M} Qf7) 13... Kh7 14. cxd6 exd6 15. Bb2 Qe7 16. e3 Rac8 17. Rfd1 Rfd8
18. Nd4 Bxg2 19. Kxg2 Nc7 20. Rbc1 Ng4 21. h3 Ne5 22. Nd5 $14 {Lukacs,P-Dao,T/
Budapest//1994/0,5/37/}) 13. Bb2 Bxc3 $1 (13... Rc8 $5 14. Nxe4 Bxe4 15. Bxg7
Kxg7 16. Rbc1 Rf6 {Lukacs,P-Beim,V/Budapest/1994/0,5/16/}) (13... Nxc3 14. Bxc3
Bxc3 15. c5+ {Kramnik,V-Malanuk,V/RUS/1994/}) 14. Bxc3 Nxc3 15. Qxc3 Rc8 16.
Rfc1 $146 (16. Rbc1 Rf6 17. a3 Kg7 18. Rfe1 Nb8 19. c5 Be4 20. Qe3 dxc5 21.
Rxc5 Rxc5 22. Qxc5 a6 23. Ne5 Bxg2 24. Kxg2 Nd7 25. Qc3 Nxe5 26. Qxe5 Qc6+ 27.
Kg1 Qd6 28. Qxd6 {Illescas Cordoba,M-Topalov,V/Leon(03)/0,5/1993/CBM-36/}) (16.
Qe3 $1 Be4 (16... b6 17. Qa3 $16) 17. Ng5 $1 Bxb1 18. Rxb1 (18. Bxb7 Bxa2 19.
Bxa6 Rb8 20. Ra1 $16) 18... Nc7 19. Qxa7 $44) 16... Nc7 (16... Rf6) (16... Be4
17. Rb2 $14) 17. c5 (17. Qe3 $5) 17... dxc5 18. Qxc5 (18. bxc5 Rf6 19. h4 $14)
18... Be4 19. Ra1 (19. Ng5 $4 Bxb1 20. Bxb7 Ne6 $3 21. Qxc8 Qxc8 22. Bxc8 Nxg5
23. h4 Nf7 $19) 19... Nd5 (19... a6 {Johnson,M}) (19... b6 {Johnson,M}) 20.
Qxa7 Nxb4 (20... Qb5 21. Rxc8 (21. Qd4 Qxe2 22. Qe5 Rxc1+ 23. Rxc1 Qxa2 24. Ng5
Qd2 $132) 21... Rxc8 22. Nd4 (22. a3 Nc3 $44) 22... Qxb4 23. Bxe4 fxe4 $10) 21.
Qb6 $14 Nc2 (21... Rxc1+ $142 22. Rxc1 Nxa2 23. Rc7 $14) 22. Rab1 (22. Qe6+ Kh8
(22... Qf7 23. Qxf7+ Kxf7 24. Ng5+ Kg8 25. Bxe4 fxe4 26. Rab1 e3 27. fxe3 $14)
23. Qe5+ Rf6 24. Rab1) 22... Rf6 $1 23. Qb3+ Kg7 24. Qb2 $1 Qa4 25. Qe5 (25.
Ne5 Bxg2 26. Kxg2 Qe4+ (26... b6 $1 27. Kg1 $14) 27. Kg1 Qxe2 28. Qxb7 $16) (
25. Ng5 Bxg2 26. Kxg2 Qc6+ 27. Nf3 $14) 25... Qd7 26. Ng5 (26. Rd1 Qc7 27. Qxc7
Rxc7 28. Ne5 Bxg2 29. Kxg2 $14) 26... Bxg2 27. Kxg2 h6 28. Nf3 Rc4 29. Kg1 Na3
$2 $138 (29... Re4 30. Qb2 Nd4 (30... Nb4 31. Rd1 $14) 31. Rd1 e5 32. Nxe5 $16)
(29... Rb4 $5 $14) 30. Rd1 Qc7 31. Rb3 Nc2 $2 (31... Qxe5 32. Nxe5 Ra4 33. Rxb7
Re6 34. Rd5 Nc4 35. Nxc4 Rxc4 $16) 32. Qb2 $1 {+-} Qc5 (32... b6 33. Ne5 Rc5 (
33... Rb4 {Johnson,M} 34. Rxb4 Nxb4 35. Nd7) 34. Nd7 $18) 33. Ne5 Rd4 34. Nd3
Qc6 35. Rc3 Rc4 36. Rxc4 Qxc4 37. Rc1 1-0

[Event "Paracin Summer op-A 11th"]
[Site "Paracin"]
[Date "2018.07.12"]
[Round "8"]
[White "Atalik, Suat"]
[Black "Kadric, Denis"]
[Result "0-1"]
[WhiteElo "2509"]
[BlackElo "2522"]
[Annotator "Atalik,S"]
[PlyCount "138"]
[EventDate "2018.07.06"]
[EventType "swiss"]
[EventRounds "9"]
[EventCountry "SRB"]
[SourceTitle "CBM 186"]
[Source "ChessBase"]
[SourceDate "2018.09.14"]
[SourceVersion "1"]
[SourceVersionDate "2018.09.14"]
[SourceQuality "1"]

1. d4 d6 2. Nf3 g6 3. c4 f5 4. Nc3 Nf6 5. g3 Bg7 6. Bg2 O-O 7. O-O Qe8 8. Re1
$5 Qf7 9. e4 $1 {The point of White's play.} (9. Qb3 h6 10. d5 Na6 11. Be3 Ng4
12. Bd4) (9. b3 Ne4 10. Bb2) 9... fxe4 10. Nxe4 (10. Ng5 {is popular for good
reason.}) 10... Qxc4 $2 (10... Nc6) 11. Nxf6+ exf6 (11... Bxf6 12. Bh6 Rf7 13.
Rc1) 12. Re7 {Black has a problem with his queen.} Na6 (12... Rf7 $2 13. Nd2
Qxd4 14. Qb3) (12... Bg4 $2 13. Nd2 $1) ({Best under the circumstances is} 
12... Nc6 $142 13. Rxc7 d5 (13... Rf7 $2 14. Nd2 Qb5 15. a4 Qb6 16. Rxf7 Kxf7
17. Nc4 Qxd4 18. Qb3 $18)) 13. b3 Qb5 14. d5 $1 Bg4 (14... Nc5 15. Be3 Qd3 16.
Qc1) 15. a4 Qc5 16. Be3 (16. Ba3 $2 Qb6 17. b4 Nxb4 18. a5 Qxa5 19. Qd4 Bxf3
20. Bxb4 Qb6 21. Qxb6 axb6 22. Rxa8 Bxg2 23. Rxf8+ Kxf8 24. Rxc7 Bxd5 $14)
16... Qc3 17. Rc1 Qb2 18. Bd4 $4 (18. Rc2 {wins the queen.} Qa3 (18... Qxb3 19.
Rxg7+ $18 {I had seen this}) 19. Bc1 Qa1 (19... Qb4 20. Rc4 Bxf3 21. Bxf3 Qb6
22. Be3 (22. b4) 22... Qa5 23. b4 Nxb4 24. Rcxc7 $18) 20. Rxg7+ $18 {However,
I had really failed to see what was costly for me.}) 18... Qa3 19. h3 Bxf3 20.
Bxf3 Rae8 21. Re6 Rxe6 $2 {A second chance!} (21... f5 22. Bxg7 Kxg7 23. b4 $1
(23. Qd4+ Kg8 24. Rce1 Rxe6 25. Rxe6 (25. dxe6 Qb4) 25... Qxb3 26. Re7 Rf7 $11)
) 22. dxe6 c6 23. Bxa7 $4 ({Missing the second deadly tactic, I sealed the
fate of the game with a draw.} 23. Bxc6 $3 bxc6 24. e7 Re8 25. Rxc6 Nb8 26. Bc5
$3 dxc5 27. Qd5+ Kh8 28. Rc8 $18 (28. Qf7 $18)) 23... Nc7 24. b4 Nxe6 {Draw
offer.} 25. Be3 $2 (25. b5 Ng5 26. Bg2 (26. Be3 Nxf3+ 27. Qxf3 Qxa4 28. bxc6
bxc6 29. Rxc6) 26... cxb5 27. Rc7 $40) 25... f5 26. Qxd6 Nd4 27. Bd1 $2 (27.
Kg2 Nxf3 28. Qe6+ Kh8 29. Kxf3 Qxb4 30. Bc5 Qb2 31. Bxf8 Qxc1 32. Qc8 Qc4 $11)
27... Re8 28. Qf4 $2 ({The incredible thing is that I have calculated
thoroughly} 28. Kg2 Rxe3 29. fxe3 Qxc1 (29... Qb2+ 30. Rc2) 30. Qd8+ Kf7 31.
Qd7+ $11 {and still rejected it due to what had previously happened in the
game and the tournament situation.}) 28... Be5 $17 29. Qh6 Qxb4 30. Bd2 Qd6 31.
Qe3 Re7 32. Qd3 Rd7 33. Qc4+ Kg7 34. Bb4 Qe6 35. Qxe6 Nxe6 36. a5 c5 37. Be1 {
The pair of bishops provide White ample compensation.} Rc7 38. Rc4 Kf6 39. Kf1
Bd4 40. Be2 $6 (40. h4 $1 g5 41. hxg5+ Nxg5) 40... f4 $2 (40... Ng5 $1 41. h4
Ne4 $17) 41. Ra4 Ke5 42. h4 fxg3 43. fxg3 g5 44. hxg5 (44. h5 Rf7+ 45. Kg2 Nc7)
(44. a6 bxa6 45. Bc4 $1 $11) 44... Nxg5 45. Kg2 (45. Bd2 Rf7+ (45... Ne6 46.
Bc4 $11) 46. Bf4+ Ke4 47. Bc4 $11) 45... Ne4 46. a6 bxa6 47. Rxa6 Bc3 48. Bf2 (
48. Bxc3+ Nxc3) 48... Bd4 49. Be1 Rb7 50. Ra2 (50. Ra8 Rb2 51. Re8+ Kd5 52.
Rd8+ Kc6 53. Kf1 $15 {would have kept Black's king away.}) 50... Rb3 (50... Rb1
51. Ba5 Rg1+ 52. Kh2) 51. g4 $2 (51. Bc4 Re3 52. Re2 $1 Ra3 53. Ra2 $11) 51...
Kf4 $17 52. Bc4 Re3 53. Bd2 $2 (53. Re2 Kxg4 54. Rxe3 Bxe3 55. Ba5 $15 {
still offers some chances.}) 53... Nxd2 54. Rxd2 Kxg4 $19 55. Re2 Rg3+ 56. Kh2
Rc3 57. Bf7 h5 58. Re4+ Kg5 59. Be6 h4 60. Rg4+ $2 (60. Bc8) 60... Kf6 61. Bc8
Be5+ 62. Kg1 h3 {Once the h-pawn starts moving, it is rather easy.} 63. Bb7
Rc1+ 64. Kf2 h2 65. Rh4 c4 66. Ke3 c3 67. Ke2 Rb1 68. Be4 c2 (68... Rb4 $19)
69. Rh6+ Kg5 0-1

[Event "Valjevo"]
[Site "Valjevo"]
[Date "2007.06.17"]
[Round "5"]
[White "Atalik, Suat"]
[Black "Nikolic, Predrag"]
[Result "1-0"]
[WhiteElo "2584"]
[BlackElo "2631"]
[Annotator "Atalik,S"]
[PlyCount "105"]
[EventDate "2007.06.13"]
[EventType "tourn"]
[EventRounds "9"]
[EventCountry "YUG"]
[EventCategory "15"]
[SourceTitle "CBM 119"]
[Source "ChessBase"]
[SourceDate "2007.08.01"]
[SourceVersion "1"]
[SourceVersionDate "2007.08.01"]
[SourceQuality "1"]

1. d4 f5 2. g3 Nf6 3. Bg2 g6 4. Nf3 Bg7 5. O-O O-O 6. c4 d6 7. Nc3 Na6 $5 {
Predrag has an affinity for this move in the Leningrad Dutch.} (7... Qe8 {
is the most common choice here.} 8. d5 (8. Nd5 $5 Nxd5 9. cxd5 $13 {maybe the
reason why Predrag prefers Na6 to Qe8.}) 8... a5 $5 (8... Na6 9. Rb1 Bd7 10. b4
c6 11. dxc6 bxc6 12. b5 $14) 9. Be3 $1 Na6 10. Qd2 Bd7 11. Rae1 $1 $14 {
Atalik-Kindermann,Bundesliga 2003-2004.}) 8. Rb1 c6 9. b4 Bd7 (9... Ne4 $6 10.
Nxe4 $1 fxe4 11. Nd2 d5 12. b5 Nc7 13. e3 $16 {gives clearly better prospects
for White.}) ({Later he tried against Kircho this one.} 9... Nc7 10. a4 (10. b5
cxb5 11. cxb5 $14) 10... Be6 11. Qd3 $36 {happened and White won due to a
blunder in the middlegame.}) 10. b5 (10. a4 $5 $40 {has its merits.}) 10... Nc7
(10... cxb5 11. cxb5 Nc7 12. d5 $5 $13) 11. bxc6 (11. d5 c5 (11... cxd5 {or}) (
11... cxb5 {leads to the above mentioned variation.}) 12. Qc2 e5 13. dxe6 Bxe6
14. Bf4 Bxc4 15. Rfd1 $1 $13 {leads to tremendous complications where I root
for White's chances.}) 11... bxc6 12. c5 {A sharp decision.} (12. d5 $6 Rb8 13.
Rb3 cxd5 14. cxd5 Rxb3 15. axb3 Qb8 16. Nd4 Qb4 17. Bb2 $11) 12... Ne4 {
Definitely one of the most reliable alternatives.} (12... dxc5 $6 {compromises
Black's pawn structure.} 13. dxc5 $1 Ncd5 14. Nxd5 Nxd5 15. Bb2 $16) (12...
Ncd5 $5 13. Nxd5 Nxd5 14. cxd6 exd6 15. Bg5 $1 (15. Ng5 $6 h6 16. Bxd5+ cxd5
17. Nf3 g5 $1 18. Ba3 Be6 19. Qa4 $13) 15... Qc7 (15... Qa5 16. Qb3) 16. Qd2
$13) 13. cxd6 exd6 14. Qc2 {With 2 pawn islands versus 3, White should avoid
exchanges.} (14. Nxe4 $6 fxe4 15. Nd2 d5 16. Nb3 Nb5 $1 $15) 14... Kh8 $5 {
This move puzzled me. Does Black really need to move the king? No-one knows.
Here I already started to consider the results of an energetic exchange sac.} (
14... Qe7 $2 15. Rb7 Bc8 16. Nd5 $1 $16) 15. Ba3 $6 {Without the clock ticking
I am not so enamoured of my decision. This was daring but unnecessary at the
same time.} (15. Nxe4 fxe4 16. Nd2 d5 17. e3 Nb5 18. a4 Nd6 19. Ba3 $14) 15...
Nxc3 $2 {Predrag, who was playing extremely fast around this point of the game,
goes into this sharp line.} (15... Nb5 $1 16. Nxb5 cxb5 17. Rfc1 (17. Nd2 Rc8
18. Qb2 Nc3 19. Bxd6 Nxe2+ $1 20. Kh1 Re8 $17) 17... Rc8 18. Qb3 a5 $1 $17) 16.
Qxc3 Nb5 17. Rxb5 $1 {Of course the idea is not to lose a pawn} ({with} 17. Qd3
$2 Qa5) 17... cxb5 18. Bxd6 $44 {White has more than enough compensation for
the sacrificed material. The e5-square and Kh8 add fuel to White's control in
the centre.} Rc8 (18... Re8 19. Ne5 Rc8 20. Bc5 $5 $44 (20. Qa3 {is the game}))
19. Qa3 (19. Qb2 Re8) 19... Re8 20. Ne5 Be6 21. Bc6 (21. Nc6 $6 Qd7 22. d5 Bxd5
23. Bxd5 Rxc6 24. Bxc6 Qxc6 25. Rc1 Qd5 $11) 21... Rxc6 $1 {Returning the
exchange is obviously the best.} ({For some reason} 21... Bf8 $6 {attracted
more attention of mine.} 22. Bxf8 (22. Bd7 $2 {is a flash of stupidity
disguised as an attempt of genius.} Bxd6 23. Qxd6 Kg7 $1 $19 (23... Rc7 $2 24.
Nxg6+ hxg6 (24... Kg7 25. Qe5+ Kxg6 26. Bxe8+ $18) 25. Qe5+ $18)) 22... Rxf8
23. d5 (23. Qxa7 $16) 23... Qf6 24. f4 $16) 22. Nxc6 Qb6 23. Rc1 {I had a
difficult choice between this} ({and} 23. Qc5 $5 Bc4 (23... Bxa2 $2 24. Qxb6 $1
(24. Nxa7 Bxd4 25. Qxb6 Bxb6 26. Nxb5 Rxe2 27. Nc3) 24... axb6 25. e3 $1 Re6
26. Ra1 Rxd6 27. Rxa2 Rxc6 28. Ra8+ Bf8 29. Rxf8+ Kg7 30. Rd8 $1 $18 {is the
move I had missed in my calculations.} (30. Re8 Kf6 31. Re5 Rc5 $3 $11)) 24.
Ne5 Qxc5 25. Bxc5 Bxe5 26. dxe5 Bxe2 27. Re1 Bc4 28. Bxa7 Bxa2 $14) 23... Rc8
$2 {After this natural move White has amazing tactics in almost every possible
line.} (23... Bc4 24. Ne5 Qxd4 25. e3 Qd5 26. Nxc4 bxc4 27. Bb4 Rc8 $11) 24.
Be5 $16 Bxe5 (24... b4 25. Bxg7+ Kxg7 26. Qb2 $1 (26. Qf3 $5 Bxa2 27. d5 $16 {
and it is difficult to find a move for Black.} Qb5 $140 $2 28. Qe3 Bxd5 (28...
Qxd5 $2 29. Nxb4 Rxc1+ 30. Qxc1 Qb3 31. Qa1+ $18) 29. Rc5 $18) 26... Bd5 $1 27.
Rc5 $8 Bxc6 (27... Rxc6 28. Rxd5) 28. d5+ Kf7 29. Qc1 $18 (29. Rxc6 Rxc6 30.
dxc6 Qxc6 31. Qxb4 $18)) 25. Nxe5 Rxc1+ 26. Qxc1 Qxd4 27. Nxg6+ $1 {The point.}
Kg7 28. Nh4 $6 {Another difficult choice.} ({Unpretentious and strong is} 28.
Nf4 $1 Bc4 29. Qa3 $16) (28. Ne7 $6 Qe4 (28... Qe5 29. Nc6 Qxe2 30. Nxa7 f4 $1
$132)) 28... b4 29. Qg5+ (29. Nf3 Qc3 30. Qg5+ $16) 29... Kf8 (29... Kh8 $2 {
would have been a bad mistake because of} 30. Ng6+ $1 $18) 30. Qh6+ Ke7 31.
Qxh7+ Kd8 (31... Kd6 32. Nxf5+ Bxf5 33. Qxf5 Qa1+ 34. Kg2 Qxa2 35. Qf8+ $18)
32. Nf3 Qc5 $2 (32... Qa1+ $142 33. Kg2 a5 $11) 33. Qh8+ Kc7 34. Qg7+ Kc8 (
34... Kb6 $2 35. Qh6 $1 $18 (35. Qf6 $2 Qc1+ 36. Kg2 Qc6 $13)) 35. h4 {The
h-pawn is terribly strong with a dominant queen on g7.} (35. Qf6 $2 Qb6 36. Nd4
Bxa2 37. Qxf5+ Kc7 38. Qe5+ Kd7 39. h4 b3 $11) 35... f4 $1 36. gxf4 (36. g4
Bxa2 37. h5 $18 {should also win but I wanted to eliminate his b-pawn by force.
}) 36... Bxa2 37. h5 Qxh5 38. Qf8+ Kc7 39. Qxb4 $2 ({Simplest should have been
} 39. Ne5 $18) 39... Bd5 $1 40. Qc5+ Kb7 $2 {This allows White's next.} (40...
Kb8 41. Qd6+ Kc8 42. Nh2 Qf5 43. f3 Qe6 44. Qc5+ Kb7 45. e4 Bb3 46. Kg2 $16)
41. e4 $1 $18 {Basically this finishes the game off.} Qg6+ (41... Qxf3 42.
Qxd5+ Kc7 43. f5 $18) (41... Qg4+ 42. Kf1 Bc6 $2 43. Qxc6+ $18) 42. Ng5 Bc6 43.
Qe7+ Kb6 44. f5 Qh5 45. Qb4+ {Not the only winning move in the position.} (45.
Qd8+ Ka6 46. f3 Qh4 47. Kg2 Qe1 48. f6 $18) 45... Bb5 46. Qd6+ Ka5 47. Qd2+ Ka4
48. f3 Qh4 (48... Qh6 49. e5 Bc4 50. e6 Qf6 51. Ne4 Qxf5 52. Qc2+ $18) 49. Kg2
Bc4 50. e5 (50. f6 Qh6 51. f7 Bxf7 52. Qd7+ $18) 50... a5 (50... Bd5 $142 $1
51. Ne4 Bxe4 52. Qd4+ Kb5 53. Qxe4 Qg5+ 54. Kf2 $18 {should have won easily
but still Predrag had to choose this line.}) 51. e6 $6 {Being slightly low on
time I have kept on missing Bd5.} (51. Ne4 $142 $18) 51... Qh8 (51... Bd5 52.
Qxd5 Qxg5+ 53. Kf2 Qh4+ 54. Ke2 $18) 52. Qf4 {With the pawns so far advanced
in Black's camp, the win is a matter of time.} (52. e7 Qe5 53. f6 $18) 52...
Kb3 (52... Qb2+ 53. Kg3 Qc3 54. Kg4 $1 $18) 53. f6 {Probably one of my best
games in the 'tournament of my life'.} 1-0